000 01001nam a2200145Ia 4500
005 20260209120131.0
008 260209s9999||||xx |||||||||||||| ||und||
100 _aKajori Bhatnagar
245 0 _aChanging contours of refugee definition with respect to critical analysis of 1951 refugee convention
260 _aBangaloreBangalore
_bNLSIU
_c2013
300 _a91 p. ; 25 cm.
505 _aTABLE OF CONTENTS ABSTRACT; (a) Statement of Object; (b) Scope and Limitations; (c) Research Methodology; (d) Research Question; (e) Hypothesis; (f) Mode of Citation; CHAPTERISATION; Chapter I: Introduction; Chapter II: International conventions and Regional treaties concerning refugees; Chapter III: Changing Perspectives of Refugee definition; Chapter IV: National framework regarding refugees; Chapter V: Policy issues concerning refugees; Conclusion; Bibliography;
700 _aProf. (Dr.) R. Venkata Rao - GuideProf. (Dr.) R. Venkata Rao - Guide
856 _uhttps://dans.nls.ac.in/handle/123456789/1873
999 _c217072
_d217072